000 01310cam a2200361 a 4500
001 12350867
003 OSt
005 20140310182850.0
008 000923s2000 ph a b 001 0ceng
010 _a 99504290
020 _a9712709302
035 _a(DLC) 99504290
037 _bLibrary of Congress -- Jakarta Overseas Office
_cP320.00
040 _aDLC
_cDLC
_dDLC
042 _alcode
050 0 0 _aCT 1796
_b.B523 2000
082 0 0 _aFIL 920.0599
_bB45 2000
100 1 _aBernardo, F. A.
_q(Fernando A.),
_d1932-
245 1 0 _aSilent storms
_binspiring lives of 101 great Filipinos
_cBernardo, Fernando A.
246 3 0 _aInspiring lives of 101 great Filipinos
260 _aPasig City, Philippines
_bPublished and exclusively distributed by Anvil Pub.
_cc2000
300 _axvi, 265 p.
_bill.
_c25 cm.
500 _aLC copy 2: signed by the author
_5DLC.
504 _aIncludes bibliographical references (p. 259-263) and index.
521 _aHigh School to College Student
526 _c1210L to 1700L
541 _j1
562 _efor circulation. 1 copy available in the collection
651 0 _aPhilippines
_vBiography.
906 _a7
_bcbc
_corigode
_d3
_encip
_f19
_gy-gencatlg
942 _2lcc
_cBK
_kFIL
999 _c16981
_d16981